Principles of biomedical instrumentation (Record no. 6922)

MARC details
000 -LEADER
fixed length control field 00683nam a22002177a 4500
003 - CONTROL NUMBER IDENTIFIER
control field OSt
005 - DATE AND TIME OF LATEST TRANSACTION
control field 20210510161911.0
008 - FIXED-LENGTH DATA ELEMENTS--GENERAL INFORMATION
fixed length control field 210510b ||||| |||| 00| 0 eng d
020 ## - INTERNATIONAL STANDARD BOOK NUMBER
International Standard Book Number 067520943X
040 ## - CATALOGING SOURCE
Transcribing agency NLM
082 ## - DEWEY DECIMAL CLASSIFICATION NUMBER
Classification number QT34 W381p 2018
100 ## - MAIN ENTRY--PERSONAL NAME
Personal name Webb, Andrew
9 (RLIN) 14200
245 ## - TITLE STATEMENT
Title Principles of biomedical instrumentation
260 ## - PUBLICATION, DISTRIBUTION, ETC. (IMPRINT)
Place of publication, distribution, etc. New York,:
Name of publisher, distributor, etc. Cambridge University Press;
Date of publication, distribution, etc. 2018
300 ## - PHYSICAL DESCRIPTION
Extent xx, 323 pages :
Other physical details illustrations ;
Dimensions 26 cm
504 ## - BIBLIOGRAPHY, ETC. NOTE
Bibliography, etc Includes bibliographical references and index.
650 ## - SUBJECT ADDED ENTRY--TOPICAL TERM
Topical term or geographic name as entry element Biomedical materials.
9 (RLIN) 14201
650 ## - SUBJECT ADDED ENTRY--TOPICAL TERM
Topical term or geographic name as entry element Medical instruments and apparatus.
9 (RLIN) 10544
650 ## - SUBJECT ADDED ENTRY--TOPICAL TERM
Topical term or geographic name as entry element Equipment and Supplies.
9 (RLIN) 9626
942 ## - ADDED ENTRY ELEMENTS (KOHA)
Source of classification or shelving scheme Other/Generic Classification Scheme
Koha item type Book
Holdings
Withdrawn status Lost status Source of classification or shelving scheme Damaged status Not for loan Home library Current library Date acquired Source of acquisition Inventory number Total Checkouts Full call number Barcode Date last seen Price effective from Koha item type Public note
    Other/Generic Classification Scheme     MUST Main Library MUST Main Library 10/05/2021 Purchase 21/41429   QT34 W381p 2018 2021-0504 10/05/2021 10/05/2021 Book Material in Hard copy